[Event "Hillerod CC-ch Gr1"]
[Site "Hillerod"]
[Date "2019.02.19"]
[Round "4"]
[White "Kristensen, Klaus Hojholm"]
[Black "Kuhn, Morten"]
[Result "1/2-1/2"]
[WhiteElo "1802"]
[BlackElo "1783"]
[PlyCount "114"]
[EventDate "2019.01.08"]
[EventType "tourn"]
[EventRounds "7"]
[EventCountry "DEN"]
[SourceTitle "EXT 2021"]
[Source "ChessBase"]
[SourceDate "2020.10.23"]
[SourceVersion "1"]
[SourceVersionDate "2020.10.23"]
[SourceQuality "1"]

1. d4 Nf6 2. c4 c5 3. d5 d6 4. Nc3 e6 5. e4 exd5 6. cxd5 Be7 7. Bb5+ Nbd7 8. Nf3 a6 9. Be2 b5 10. Nd2 0-0 11. 0-0 Re8 12. Qc2 Bb7 13. b3 Bf8 14. Re1 Rc8 15. Nd1 Ne5 16. Ne3 Ng6 17. a4 Nf4 18. Bf1 Qb6 19. axb5 axb5 20. Bb2 Nd7 21. g3 Ng6 22. Kh1 Be7 23. Bh3 Rcd8 24. Bc3 b4 25. Bb2 Bf6 26. Nec4 Qc7 27. Bxd7 Qxd7 28. Bxf6 gxf6 29. Kg2 Bc8 30. f3 Qh3+ 31. Kg1 h5 32. Nf1 f5 33. Qg2 fxe4 34. Qxh3 Bxh3 35. fxe4 Ne5 36. Nxe5 Rxe5 37. Nd2 f5 38. Nc4 Re7 39. exf5 Rxe1+ 40. Rxe1 Bxf5 41. Re3 Kf7 42. Kf2 Kf6 43. Rf3 Kg5 44. h4+ Kg6 45. Re3 Bg4 46. Ke1 Ra8 47. Kd2 Ra2+ 48. Kc1 Ra1+ 49. Kc2 Rd1 50. Nd2 Ra1 51. Nc4 Bf5+ 52. Kd2 Bg4 53. Kc2 Ra6 54. Kb2 Bf5 55. Re1 Bg4 56. Re8 Kf7 57. Re3 Kf6 1/2-1/2